| 000 | 01262nam a22002297a 4500 | ||
|---|---|---|---|
| 999 |
_c62706 _d62706 |
||
| 003 | Ge_BSU | ||
| 005 | 20250128124911.0 | ||
| 008 | 250128s2015 ge ||||| |||| 00| 0 geo d | ||
| 020 | _a9789941081088 | ||
| 041 | _ageo | ||
| 080 | _a371.277.2 + 16(075.4) + 510.6(075.4) ჩ-95 | ||
| 100 |
_aჩხარტიშვილი, ეკატერინე _924150 |
||
| 245 |
_aლოგიკა : _bდამხმარე სახელმძღვანელოვ ზოგადი უნარების ვერბალურ ნაწილში და სავარჯიშო ტესტები / _cეკატერინე ჩხარტიშვილი; რედაქტორი ციცინო სარაჯიშვილი. |
||
| 250 | _aმე-2 გამოცემა. | ||
| 264 |
_aთბილისი : _bლამპარი-99, _c2015. |
||
| 300 |
_a206 გვ. ; _b20 სმ. |
||
| 653 | _aზოგადი უნარების ტესტები | ||
| 653 | _aმათემატიკური ლოგიკა | ||
| 700 |
_aსარაჯიშვილი, ციცინო _eრედაქტორი _94058 |
||
| 773 | _tნაჩუქარი | ||
| 942 |
_2udc _cᲬᲘᲒᲜᲘ |
||